000 00946nam a22002897a 4500
001 9678
003 FISKH
005 20260129100955.0
008 260129b cb ||||| |||| 00| 0 eng d
020 _a9780062086532
040 _aFISKH
_beng
_cFISKH
_dFISKH
050 _aPZ7 .C179
082 _a813.54
100 _aCapucilli, Alyssa Satin
_eAuthor
245 _aMeet biscuit! /
_cWritten by Alyssa Satin Capucilli ; pictures by Pat Schories
260 _aNew York :
_bHarperCollins Publishers ,
_c2013
300 _a12 unnumbered pages :
_bcolor illustrations ;
_c13 cm
490 _aBiscuit
_vBook 1 introduction
505 _aE
520 _aWhen the new puppy arrives, his young owner tries to decide on a name for it. 5 activity pages!
521 8 _a200
_bLexile estimate
521 8 _aE
_bRaz-Plus
650 _aChildren's books
_vDogs
650 _aEarly reader
_vEasy English
942 _2ddc
_cBK
_n0
999 _c9678
_d9678